Govt. of
Madhya Pradesh

युगन्‍धर (Record no. 64736)

MARC details
000 -LEADER
fixed length control field 00317nam a2200109Ia 4500
008 - FIXED-LENGTH DATA ELEMENTS--GENERAL INFORMATION
fixed length control field 221009s9999 xx 000 0 und d
082 ## - DEWEY DECIMAL CLASSIFICATION NUMBER
Classification number 891.433
100 ## - MAIN ENTRY--PERSONAL NAME
Personal name सावन्‍त, शिवाजी
9 (RLIN) 59151
245 #0 - TITLE STATEMENT
Title युगन्‍धर
260 ## - PUBLICATION, DISTRIBUTION, ETC. (IMPRINT)
Name of publisher, distributor, etc. भारतीय ज्ञानपीठ
942 ## - ADDED ENTRY ELEMENTS (KOHA)
Koha item type Books

No items available.